Every Governor of Missouri - Statistics

General Stats
  • This quiz has been taken 40 times
    12 since last reset
  • The average score is 10 of 58
Answer Stats
Picture Hint Answer % Correct
R(2017-2018) Eric Greitens
75%
R(2005-2009) Matt Blunt
75%
D(1993-2000) Mel Carnahan
75%
R(2025-) Mike Kehoe
75%
R(2018-2025) Mike Parson
75%
D(1949-1953) Forrest Smith
50%
D(2009-2017) Jay Nixon
50%
R(1985-1993) John Ashcroft
50%
R(1981-1985) Kit Bond
50%
R(1973-1977) Kit Bond
50%
D(1857-1857) Trusten Polk
50%
DR(1825-1826) Abraham J. Williams
25%
LR(1871-1873) Benjamin Gratz Brown
25%
D(2001-2005) Bob Holden
25%
D(1861-1861) Claiborne Fox Jackson
25%
D(1857-1857) Hancock Lee Jackson
25%
D(1826-1832) John Miller
25%
D(1885-1887) John S. Marmaduke
25%
D(1836-1840) Lilburn Boggs
25%
D(1844-1844) Meredith Miles Marmaduke
25%
D(2000-2001) Roger B. Wilson
25%
D(1840-1844) Thomas Reynolds
25%
D(1887-1889) Albert P. Morehouse
0%
DR(1820-1824) Alexander McNair
0%
D(1901-1905) Alexander Monroe Dockery
0%
R(1921-1925) Arthur M. Hyde
0%
D(1848-1853) Austin Augustus King
0%
D(1875-1877) Charles Henry Hardin
0%
D(1832-1836) Daniel Dunklin
0%
D(1889-1893) David R. Francis
0%
D(1913-1917) Elliott Woolfolk Major
0%
R(1941-1945) Forrest C. Donnell
0%
DR(1824-1825) Frederick Bates
0%
D(1917-1921) Frederick D. Gardner
0%
D(1933-1937) Guy Brasfield Park
0%
R(1861-1864) Hamilton Rowan Gamble
0%
R(1929-1933) Henry S. Caulfield
0%
R(1909-1913) Herbert S. Hadley
0%
D(1957-1961) James T. Blair Jr.
0%
D(1844-1848) John Cummins Edwards
0%
D(1961-1965) John M. Dalton
0%
D(1877-1881) John S. Phelps
0%
D(1977-1981) Joseph P. Teasdale
0%
D(1905-1909) Joseph W. Folk
0%
R(1869-1871) Joseph W. McClurg
0%
D(1897-1901) Lawrence Vest Stephens
0%
D(1937-1941) Lloyd C. Stark
0%
D(1953-1957) Phil M. Donnelly
0%
D(1945-1949) Phil M. Donnelly
0%
D(1857-1861) Robert Marcellus Stewart
0%
R(1925-1939) Sam Aaron Baker
0%
D(1873-1875) Silas Woodson
0%
D(1853-1857) Sterling Price
0%
R(1865-1869) Thomas Clement Fletcher
0%
D(1881-1885) Thomas Theodore Crittenden
0%
D(1965-1973) Warren E. Hearnes
0%
R(1864-1865) Willard Preble Hall
0%
D(1893-1897) William J. Stone
0%
No matching quizzes found
Score Distribution
Percent of People with Each Score
Percentile by Number Answered
Your Score History
You have not taken this quiz since the last reset